000 00457pab a2200169 454500
008 180718b1976 xxu||||| |||| 00| 0 eng d
100 _aJabbra, Joseph G.
245 _aBureaucratic corruption in the Third World: Causes and remedy
260 _c1976
300 _ap.673-691.
362 _aOct-Dec
650 _aCivil service - Corruption
650 _aCorruption
773 _aIndian Journal of Public Administration
908 _aN
909 _a88184
999 _c88184
_d88184